[Event "ROM-ch U18"]
[Site "Calimanesti"]
[Date "2015.03.31"]
[Round "2"]
[White "Oprita, George"]
[Black "Marin, Victor Mihai"]
[Result "1/2-1/2"]
[WhiteElo "1718"]
[BlackElo "1869"]
[PlyCount "49"]
[EventDate "2015.03.30"]
[EventType "swiss"]
[EventRounds "9"]
[EventCountry "ROU"]
[SourceTitle "CBM 165 Extra"]
[Source "ChessBase"]
[SourceDate "2015.04.21"]
[SourceVersion "1"]
[SourceVersionDate "2015.04.21"]
[SourceQuality "1"]

1. d4 d5 2. Nf3 Nf6 3. Bf4 Bf5 4. e3 c6 5. c3 e6 6. Bd3 Bxd3 7. Qxd3 Bd6 8. Bxd6 Qxd6 9. 0-0 Nbd7 10. Nbd2 0-0 11. Rfe1 Rfe8 12. e4 dxe4 13. Nxe4 Nxe4 14. Qxe4 Nf6 15. Qe5 Qxe5 16. Rxe5 Rad8 17. Rae1 Rd5 18. Rxd5 exd5 19. Rxe8+ Nxe8 20. Kf1 f6 21. Ke2 Kf7 22. Ne1 Nd6 23. Nd3 Ke7 24. f3 g6 25. Nc5 1/2-1/2

[Event "ROM-ch U18"]
[Site "Calimanesti"]
[Date "2015.03.30"]
[Round "1"]
[White "Marin, Victor Mihai"]
[Black "David, Alexandru Vasile"]
[Result "0-1"]
[WhiteElo "1869"]
[BlackElo "2221"]
[PlyCount "46"]
[EventDate "2015.03.30"]
[EventType "swiss"]
[EventRounds "9"]
[EventCountry "ROU"]
[SourceTitle "CBM 165 Extra"]
[Source "ChessBase"]
[SourceDate "2015.04.21"]
[SourceVersion "1"]
[SourceVersionDate "2015.04.21"]
[SourceQuality "1"]

1. e4 c5 2. Nc3 e6 3. f4 Nc6 4. Nf3 d5 5. e5 Nge7 6. d3 Nf5 7. Be2 b5 8. 0-0 b4 9. Nb1 h5 10. c3 a5 11. a3 Rb8 12. axb4 axb4 13. Re1 Qb6 14. Bf1 Bd7 15. Nbd2 c4+ 16. d4 Na5 17. Kh1 h4 18. Ng5 Be7 19. Qg4 f6 20. exf6 gxf6 21. Rxa5 fxg5 22. Ra1 e5 23. Qe2 Ng3+ 0-1

[Event "Cap Aurora op"]
[Site "Cap Aurora"]
[Date "2014.06.21"]
[Round "1"]
[White "Georgescu, Tiberiu Marian"]
[Black "Marin, Victor Mihai"]
[Result "1/2-1/2"]
[WhiteElo "2493"]
[BlackElo "1921"]
[PlyCount "84"]
[EventDate "2014.06.21"]
[EventType "swiss"]
[EventRounds "9"]
[EventCountry "ROU"]
[SourceTitle "CBM 161 Extra"]
[Source "ChessBase"]
[SourceDate "2014.08.29"]
[SourceVersion "1"]
[SourceVersionDate "2014.08.29"]
[SourceQuality "1"]

1. d4 d5 2. c4 e6 3. Nf3 Nf6 4. Bg5 Be7 5. Nbd2 Nbd7 6. e3 h6 7. Bh4 0-0 8. Bd3 a6 9. Rc1 dxc4 10. Nxc4 b5 11. Nce5 Nxe5 12. Nxe5 Bb7 13. 0-0 Nd5 14. Bg3 Rc8 15. Bb1 c5 16. Qd3 Nf6 17. Ng4 g6 18. Nxf6+ Bxf6 19. Rxc5 Rxc5 20. dxc5 Qxd3 21. Bxd3 Bxb2 22. Bd6 Rd8 23. Be2 Bd5 24. Bf3 Bxa2 25. Bb7 Bd5 26. Bxa6 b4 27. f3 f5 28. Bd3 Bc3 29. e4 Bc6 30. Bc4 Kf7 31. h4 h5 32. Kh2 Kf6 33. exf5 gxf5 34. Bf4 Kf7 35. Bd6 Bd5 36. Bd3 Kf6 37. g4 Be5+ 38. Bxe5+ Kxe5 39. gxf5 exf5 40. f4+ Kd4 41. Bxf5 Kxc5 42. Bb1 b3 1/2-1/2

[Event "ROM-ch U16"]
[Site "Calimanesti"]
[Date "2014.04.13"]
[Round "9"]
[White "Ursan, Petru Sebastian"]
[Black "Marin, Victor Mihai"]
[Result "1/2-1/2"]
[WhiteElo "1682"]
[BlackElo "1962"]
[PlyCount "84"]
[EventDate "2014.04.06"]
[EventType "swiss"]
[EventRounds "9"]
[EventCountry "ROU"]
[SourceTitle "CBM 160 Extra"]
[Source "ChessBase"]
[SourceDate "2014.07.01"]
[SourceVersion "1"]
[SourceVersionDate "2014.07.01"]
[SourceQuality "1"]

1. Nf3 d5 2. g3 Nf6 3. Bg2 e6 4. 0-0 c5 5. c4 Nc6 6. d4 cxd4 7. Nxd4 Bc5 8. Nb3 Be7 9. cxd5 exd5 10. Nc3 Be6 11. Bg5 0-0 12. Bxf6 Bxf6 13. Nxd5 Bxb2 14. Rb1 Ba3 15. Nf4 Bf5 16. e4 Bg6 17. Nxg6 hxg6 18. Nd2 Rb8 19. Nc4 Bc5 20. Qxd8 Rfxd8 21. e5 Nb4 22. a3 Nc2 23. Rxb7 Rxb7 24. Bxb7 Nxa3 25. Rc1 Nxc4 26. Rxc4 Bb6 27. Kf1 Kf8 28. Ke2 Ke7 29. f4 Rd7 30. Ba6 Rc7 31. h3 Rxc4 32. Bxc4 Bc5 33. g4 a5 34. Kd3 Bb4 35. Ke4 Bd2 36. h4 Be1 37. h5 gxh5 38. gxh5 f6 39. Kf5 fxe5 40. fxe5 Kf8 41. Bb5 Bb4 42. Ke6 Ba3 1/2-1/2

[Event "ROM-ch U16"]
[Site "Calimanesti"]
[Date "2014.04.09"]
[Round "4"]
[White "Comsa, Ciprian Mihai"]
[Black "Marin, Victor Mihai"]
[Result "1-0"]
[WhiteElo "1781"]
[BlackElo "1962"]
[PlyCount "80"]
[EventDate "2014.04.06"]
[EventType "swiss"]
[EventRounds "9"]
[EventCountry "ROU"]
[SourceTitle "CBM 160 Extra"]
[Source "ChessBase"]
[SourceDate "2014.07.01"]
[SourceVersion "1"]
[SourceVersionDate "2014.07.01"]
[SourceQuality "1"]

1. e4 c6 2. d4 d5 3. exd5 cxd5 4. Bd3 Nf6 5. Bf4 Nc6 6. c3 g6 7. Nf3 Bg7 8. 0-0 Bg4 9. Nbd2 0-0 10. b3 Bxf3 11. Nxf3 a6 12. a4 Qb6 13. Qe2 e6 14. Rfe1 Rac8 15. Ne5 Nxe5 16. dxe5 Nd7 17. Be3 Qc7 18. Bd4 Nc5 19. Bc2 Qc6 20. b4 Nd7 21. a5 Qc7 22. f4 Nb8 23. Bc5 Rfe8 24. Ba4 Nc6 25. Bb6 Qb8 26. b5 axb5 27. Bxb5 Bf8 28. Reb1 Be7 29. a6 Rf8 30. axb7 Qxb7 31. Ba6 Qd7 32. Bxc8 Rxc8 33. Qa6 f6 34. Bd4 fxe5 35. fxe5 Nxd4 36. cxd4 Bg5 37. Rb7 Qe8 38. Qa7 Be3+ 39. Kh1 Qf8 40. Qb6 Re8 1-0

[Event "ROM-ch U16"]
[Site "Calimanesti"]
[Date "2014.04.09"]
[Round "5"]
[White "Marin, Victor Mihai"]
[Black "Ionita, Marius Mihai"]
[Result "1-0"]
[WhiteElo "1962"]
[BlackElo "1001"]
[PlyCount "65"]
[EventDate "2014.04.06"]
[EventType "swiss"]
[EventRounds "9"]
[EventCountry "ROU"]
[SourceTitle "CBM 160 Extra"]
[Source "ChessBase"]
[SourceDate "2014.07.01"]
[SourceVersion "1"]
[SourceVersionDate "2014.07.01"]
[SourceQuality "1"]

1. e4 e5 2. Nf3 Nc6 3. Bc4 Bc5 4. d3 Nf6 5. c3 d5 6. exd5 Nxd5 7. 0-0 0-0 8. Re1 Qd6 9. Nbd2 Bf5 10. Nh4 Nce7 11. Nxf5 Nxf5 12. Ne4 Qc6 13. Nxc5 Qxc5 14. Rxe5 Nfe7 15. Bxd5 Nxd5 16. c4 Rae8 17. Rxd5 Qb4 18. Be3 Qxb2 19. Rb5 Qf6 20. Bc5 b6 21. Bxf8 Kxf8 22. Rab1 Qe6 23. h3 c6 24. R5b3 b5 25. cxb5 cxb5 26. Rxb5 Qxa2 27. Rb8 Rxb8 28. Rxb8+ Ke7 29. Rb7+ Kf6 30. Qf3+ Kg6 31. g4 a5 32. Qf5+ Kh6 33. Qh5# 1-0

[Event "ROM-ch U12"]
[Site "Voineasa"]
[Date "2010.04.13"]
[Round "8"]
[White "Gheorghe, Darius Daniel"]
[Black "Marin, Victor Mihai"]
[Result "0-1"]
[WhiteElo "1821"]
[BlackElo "1804"]
[PlyCount "76"]
[EventDate "2010.04.08"]
[EventType "swiss"]
[EventRounds "9"]
[EventCountry "ROU"]
[SourceTitle "EXT 2020"]
[Source "ChessBase"]
[SourceDate "2019.10.17"]
[SourceVersion "1"]
[SourceVersionDate "2019.10.17"]
[SourceQuality "1"]

1. d4 Nf6 2. Nf3 g6 3. Bf4 Bg7 4. h3 0-0 5. e3 d5 6. c4 c5 7. Nc3 Nc6 8. dxc5 Qa5 9. Be2 Ne4 10. 0-0 Nxc3 11. bxc3 dxc4 12. Bxc4 Qxc5 13. Qd5 Qxd5 14. Bxd5 Bxc3 15. Rac1 Bb2 16. Rc2 Bg7 17. Bxc6 bxc6 18. Rxc6 Be6 19. a3 Rfc8 20. Rfc1 Bb2 21. Rxc8+ Rxc8 22. Rxc8+ Bxc8 23. a4 f6 24. Bb8 a6 25. Nd4 Bd7 26. a5 e5 27. Nb3 Kf7 28. Kf1 Bb5+ 29. Ke1 Bc3+ 30. Kd1 Ba4 31. Kc2 Bxa5 32. Kb2 Bb4 33. Ba7 Bb5 34. Bb6 Bf1 35. Nc5 Ke7 36. g3 Be1 37. Ne4 Bg2 38. Bc5+ Ke6 0-1

[Event "ROM-ch U12"]
[Site "Voineasa"]
[Date "2010.04.11"]
[Round "6"]
[White "Nastase, Robert Paul"]
[Black "Marin, Victor Mihai"]
[Result "1/2-1/2"]
[WhiteElo "1793"]
[BlackElo "1804"]
[PlyCount "84"]
[EventDate "2010.04.08"]
[EventType "swiss"]
[EventRounds "9"]
[EventCountry "ROU"]
[SourceTitle "EXT 2020"]
[Source "ChessBase"]
[SourceDate "2019.10.17"]
[SourceVersion "1"]
[SourceVersionDate "2019.10.17"]
[SourceQuality "1"]

1. d4 Nf6 2. c4 g6 3. Nc3 d5 4. cxd5 Nxd5 5. e4 Nxc3 6. bxc3 Bg7 7. Bc4 0-0 8. Ne2 c5 9. 0-0 Nc6 10. Be3 Bd7 11. Rb1 Rc8 12. Bb5 Qc7 13. f3 Rfd8 14. Bxc6 Bxc6 15. Qb3 e6 16. Rfd1 Qe7 17. dxc5 Kh8 18. Qb4 f5 19. Nd4 fxe4 20. Nxc6 bxc6 21. Qxe4 Bxc3 22. Rxd8+ Rxd8 23. Qxc6 Bd4 24. Bxd4+ Rxd4 25. Qc8+ Rd8 26. Qc6 Qf6 27. Qe4 Qc3 28. c6 Qc5+ 29. Kh1 Rc8 30. Qxe6 Qxc6 31. Qxc6 Rxc6 32. h3 Ra6 33. Rb2 Kg7 34. Kg1 Kf6 35. Kf2 Ra3 36. Re2 Kf5 37. Kg3 h5 38. h4 a5 39. Rb2 Ke5 40. Rb5+ Kf6 41. Rb2 Ke5 42. Re2+ Kf5 1/2-1/2